El secreto del ciclismo : máximos beneficios en el rendimiento con una eficiente medición de la potencia y un análisis del entrenamiento /

Bibliographic Details
Main Authors: Dijk, J. C. van, 1954- (Author), Megen, Ron van, 1957- (Author), Vroemen, Guido, 1969- (Author)
Other Authors: Ruiz Franco, Juan Carlos (Translator)
Format: Electronic eBook
Language:Spanish
English
Published: [Barcelona] : Paidotribo, [2019]
Edition:Primera edición.
Subjects:
Online Access:Digitalia Hispánica

MARC

LEADER 00000nam a2200000Ii 4500
001 DIGEDPBR0269
003 NyNyDIG
006 m o d
007 cr |||||||||||
008 260105s2019 sp a ob 000 0 spa d
035 |a (OCoLC)1570096325 
040 |a DGITA  |b eng  |e rda  |e pn  |c DGITA 
020 |a 9788499108377  |q ePub 
020 |z 9788499107431 
041 1 |a spa  |h eng 
050 1 4 |a GV1041 ebook 
100 1 |a Dijk, J. C. van,  |d 1954-  |e author. 
240 1 0 |a Secret of cycling.  |l Spanish  |s (Ruiz Franco) 
245 1 3 |a El secreto del ciclismo :  |b máximos beneficios en el rendimiento con una eficiente medición de la potencia y un análisis del entrenamiento /  |c Hans van Dijk, Ron van Megen, Guido Vroemen ; traducción, Juan Carlos Ruiz Franco. 
250 |a Primera edición. 
264 1 |a [Barcelona] :  |b Paidotribo,  |c [2019] 
300 |a 1 online resource :  |b illustrations. 
336 |a text  |b txt  |2 rdacontent 
337 |a computer  |b c  |2 rdamedia 
338 |a online resource  |b cr  |2 rdacarrier 
347 |a text file  |2 rdaft 
347 |b EPUB 
504 |a Includes bibliographical references. 
588 0 |a Online resource; title from ePub title page (Digitalia, viewed January 5, 2026) 
650 0 |a Cycling  |x Training. 
650 0 |a Cycling. 
700 1 |a Megen, Ron van,  |d 1957-  |e author. 
700 1 |a Vroemen, Guido,  |d 1969-  |e author. 
700 1 |a Ruiz Franco, Juan Carlos,  |e translator. 
700 1 |i Translation of:  |a Dijk, J. C. van,  |d 1954-  |t Secret of cycling. 
791 2 |a Digitalia (Firm),  |e distributor. 
793 0 |g Digitalia eBook Collection:  |a Editorial Paidotribo 
776 0 8 |i Print version:  |a Dijk, J. C. van, 1954-  |s Secret of cycling. Spanish (Ruiz Franco).  |t Secreto del ciclismo.  |b Primera edición.  |d [Barcelona] : Paidotribo, [2019]  |z 9788499107431 
856 4 0 |3 Digitalia Hispánica  |u https://www.digitaliapublishing.com/a/159918/ 
910 |a Premium collection: 2026